Common Knowledge #24 - Statistics

General Stats
  • This quiz has been taken 946 times
  • The average score is 16 of 22
Answer Stats
Hint Answer % Correct
What flower is most gifted on Valentine’s Day? Roses
100%
Michael Phelps is an Olympic athlete known for this sport? Swimming
94%
What animal is Bambi? Deer
92%
What colors are on the Belgium flag? Red
91%
What colors are on the Belgium flag? Yellow
90%
What colors are on the Belgium flag? Black
89%
What is Harry Houdini known for? Magic | Illusion
87%
What is the name of the worldly event where you can look at the sun only wearing these special glasses? Solar Eclipse
87%
What is Sodium Chloride referred to as? Salt
82%
What’s the name of the company that published the Mario Kart video game? Nintendo
80%
What is the name of the NFL championship game? Super Bowl
77%
Where did the attack on Pearl Harbor take place? Honolulu, Hawaii
75%
Kris, Kourtney, Kim, Khloe, Kendall, and Kylie are a part of which family? Kardashians
75%
In Disney’s The Lion King, what was Simba’s father’s name? Mufasa
68%
In what year was the Declaration of Independence created? 1776
63%
Which Disney star said that “a spoonful of sugar helps the medicine go down”? Mary Poppins
59%
Who assassinated Abe Lincoln? John Wilkes Booth
58%
Which country is known to consume the most chocolate? Switzerland
52%
What is the #1 cookie in the United States? Oreo
50%
What radiation has the most energy? Gamma
44%
What popular sport has 18 minutes of total action? Baseball
37%
Which dynasty built the Great Wall of China? Qin Dynasty
34%
No matching quizzes found
Score Distribution
Percent of People with Each Score
Percentile by Number Answered
Your Score History
You have not taken this quiz